|
|
|
|
| LEADER |
01222ppm a22003018a 4500 |
| 001 |
00036395 |
| 005 |
20171026081025.0 |
| 008 |
170301s2015 ||||||Viesd |
| 041 |
0 |
# |
|a Vie
|
| 082 |
1 |
4 |
|a 320.07
|b V115H
|
| 100 |
1 |
# |
|a Nguyễn, Hồng Hải
|
| 245 |
0 |
0 |
|a Văn hóa chính trị của đội ngũ giảng viên các trường Đại học trên địa bàn tỉnh Vĩnh Long hiện nay
|b Luận văn thạc sĩ Khoa học chính trị . Chuyên ngành: Chính trị Học. Mã số: 6031 02 01
|c Nguyễn Hồng Hải; Bùi Văn Dũng (hướng dẫn)
|
| 260 |
# |
# |
|a Đồng Tháp
|b Đại học Vinh
|c 2015
|
| 300 |
# |
# |
|a 104tr.
|c 30cm.
|
| 500 |
# |
# |
|a ĐTTTS ghi: Bộ giáo dục và đào tạo. Đại học Vinh
|
| 653 |
# |
# |
|a Giảng viên
|
| 653 |
# |
# |
|a Luận văn
|
| 653 |
# |
# |
|a Vĩnh long
|
| 653 |
# |
# |
|a Văn hóa chính trị
|
| 653 |
# |
# |
|a Trường Đại học
|
| 700 |
1 |
# |
|a Bùi Văn Dũng
|e Hướng dẫn
|
| 852 |
# |
# |
|j LV.0000799
|
| 852 |
# |
# |
|b Kho đọc SĐH
|j LV.0000799
|
| 910 |
|
|
|d 01/03/2017
|
| 980 |
# |
# |
|a Trung tâm Học liệu Lê Vũ Hùng, Trường Đại học Đồng Tháp
|